[Event "Milan Vidmar mem 14th"]
[Site "Portoroz "]
[Date "2001.07.10"]
[Round "8"]
[White "Sermek, Drazen"]
[Black "Beliavsky, Alexander G"]
[Result "1/2-1/2"]
[WhiteElo "2570"]
[BlackElo "2659"]
[PlyCount "104"]
[EventDate "2001.07.03"]

1. e4 d6 2. d4 Nf6 3. Nc3 g6 4. g3 Bg7 5. Bg2 O-O 6. Nge2 c6 7. O-O Na6 8. h3
e5 9. Be3 Bd7 10. f4 exd4 11. Bxd4 d5 12. exd5 cxd5 13. Bxf6 Bxf6 14. Nxd5 Bxb2
15. Rb1 Bg7 16. Rxb7 Nc5 17. Rc7 Rc8 18. Rxa7 Kh8 19. Kh2 Bb5 20. Re1 Bc4 21.
Nc1 Rc6 22. Nb3 Nxb3 23. axb3 Bxd5 24. Bxd5 Rc3 25. Ra8 Qb6 26. Rxf8+ Bxf8 27.
Re2 Qf6 28. Bc4 Bd6 29. Bd3 Kg7 30. Qd2 Rc7 31. Bc4 Ra7 32. Re3 Ra2 33. Rd3 Be7
34. Re3 Bd6 35. Re2 Ra1 36. h4 Ra7 37. c3 h6 38. Qd3 Rc7 39. Re4 Bc5 40. Re5
Ba7 41. Kh3 h5 42. Re2 Bc5 43. Kh2 Bf8 44. Rd2 Bc5 45. Re2 Ra7 46. b4 Bf8 47.
Ra2 Rxa2+ 48. Bxa2 Bxb4 49. cxb4 Qb2+ 50. Kh3 Qxa2 51. b5 Qf2 52. Qb1 Qe2
1/2-1/2

[Event "Milan Vidmar mem 14th"]
[Site "Portoroz "]
[Date "2001.07.10"]
[Round "8"]
[White "Mikhalchishin, Adrian"]
[Black "Mohr, Georg"]
[Result "1/2-1/2"]
[WhiteElo "2518"]
[BlackElo "2484"]
[PlyCount "48"]
[EventDate "2001.07.03"]

1. d4 Nf6 2. c4 g6 3. g3 Bg7 4. Bg2 O-O 5. Nf3 d6 6. Nc3 c6 7. O-O Bf5 8. b3
Ne4 9. Bb2 Nxc3 10. Bxc3 Be4 11. e3 d5 12. Qe2 e6 13. Rfd1 Nd7 14. a4 f5 15.
Ne1 Bxg2 16. Nxg2 g5 17. a5 a6 18. b4 dxc4 19. Qxc4 Qe7 20. h4 h5 21. Qe2 Nf6
22. Be1 g4 23. Nf4 Qf7 24. Rac1 Nd5 1/2-1/2

[Event "Milan Vidmar mem 14th"]
[Site "Portoroz "]
[Date "2001.07.11"]
[Round "9"]
[White "Mohr, Georg"]
[Black "Crisan, Alexandru"]
[Result "1-0"]
[WhiteElo "2484"]
[BlackElo "2635"]
[PlyCount "189"]
[EventDate "2001.07.03"]

1. d4 Nf6 2. Bg5 e6 3. e4 h6 4. Bxf6 Qxf6 5. Nc3 Bb4 6. Qd2 d6 7. a3 Bxc3 8.
Qxc3 Nd7 9. Nf3 c6 10. e5 Qe7 11. exd6 Qxd6 12. O-O-O O-O 13. Ne5 Nf6 14. Qg3
c5 15. Ng4 Qxg3 16. Nxf6+ gxf6 17. hxg3 cxd4 18. Rxd4 e5 19. Rdh4 Bf5 20. Rxh6
Rac8 21. c3 Kg7 22. R6h4 Rfd8 23. Be2 Rc7 24. Rd1 Rxd1+ 25. Kxd1 Be6 26. Kc2 f5
27. Rh1 Kf6 28. Kd2 Rd7+ 29. Kc2 Rc7 30. b3 Rc8 31. Bf3 e4 32. Be2 Rg8 33. Rh2
Ke5 34. c4 Kd4 35. Rh4 b5 36. cxb5 Rc8+ 37. Kb2 Rc3 38. Bc4 Bxc4 39. bxc4 Rd3
40. Rf4 Kxc4 41. a4 Rb3+ 42. Kc2 Ra3 43. Rxf5 Rxa4 44. Rxf7 Ra2+ 45. Kd1 Kxb5
46. g4 Kc4 47. g5 e3 48. Rc7+ Kd5 49. f3 Rxg2 50. Rxa7 Kd4 51. Rd7+ Ke5 52. Rf7
Rxg5 53. Ke2 Ke6 54. Rf8 Ke7 55. Ra8 Re5 56. Ra3 Kf6 57. Rxe3 Ra5 58. Re4 Kf5
59. Kf2 Ra8 60. Re7 Ra2+ 61. Kg3 Ra3 62. Rh7 Rb3 63. Rh5+ Kg6 64. Ra5 Rc3 65.
Kg4 Rc4+ 66. f4 Rc6 67. Rg5+ Kf6 68. Rh5 Kg7 69. Kg5 Rg6+ 70. Kf5 Ra6 71. Rh1
Ra5+ 72. Kg4 Ra4 73. Kg5 Ra2 74. Rb1 Ra5+ 75. f5 Ra7 76. Rb6 Rc7 77. Rg6+ Kf7
78. Rh6 Rc5 79. Rh7+ Kg8 80. Re7 Kf8 81. Re6 Kf7 82. Ra6 Rc7 83. Rh6 Rc5 84.
Rh7+ Kg8 85. Rd7 Kf8 86. Kg6 Rc1 87. Rf7+ Ke8 88. Ra7 Kf8 89. Ra8+ Ke7 90. f6+
Ke6 91. Re8+ Kd7 92. f7 Rg1+ 93. Kh5 Rh1+ 94. Kg4 Rg1+ 95. Kh3 1-0

[Event "Milan Vidmar mem 14th"]
[Site "Portoroz "]
[Date "2001.07.11"]
[Round "9"]
[White "Beliavsky, Alexander G"]
[Black "Mikhalchishin, Adrian"]
[Result "1/2-1/2"]
[WhiteElo "2659"]
[BlackElo "2518"]
[PlyCount "50"]
[EventDate "2001.07.03"]

1. d4 Nf6 2. c4 g6 3. Nc3 d5 4. cxd5 Nxd5 5. e4 Nxc3 6. bxc3 Bg7 7. Bc4 c5 8.
Ne2 O-O 9. O-O Nc6 10. Be3 Bg4 11. f3 Na5 12. Bd5 cxd4 13. cxd4 Bd7 14. Rb1 a6
15. Bxb7 Ra7 16. Bd5 Bb5 17. a4 Bxe2 18. Qxe2 e6 19. Bc4 Bxd4 20. Rfd1 Bxe3+
21. Qxe3 Rd7 22. Be2 Rxd1+ 23. Rxd1 Qc7 24. h4 Rd8 25. Rc1 Qb8 1/2-1/2

[Event "Milan Vidmar mem 14th"]
[Site "Portoroz "]
[Date "2001.07.11"]
[Round "9"]
[White "Gelfand, Boris"]
[Black "Kozul, Zdenko"]
[Result "1/2-1/2"]
[WhiteElo "2704"]
[BlackElo "2556"]
[PlyCount "71"]
[EventDate "2001.07.03"]

1. d4 Nf6 2. c4 g6 3. Nc3 Bg7 4. e4 d6 5. Nf3 O-O 6. Be2 e5 7. O-O Na6 8. Be3
c6 9. dxe5 dxe5 10. Qxd8 Rxd8 11. Rfd1 Re8 12. h3 Bf8 13. Nd2 Nc5 14. b4 Ne6
15. c5 Nd4 16. Bd3 Be6 17. Ne2 Nxe2+ 18. Bxe2 Rad8 19. Rdc1 Nh5 20. Nc4 Nf4 21.
Bf1 Bxc4 22. Bxc4 Bh6 23. Rd1 Kg7 24. Rd6 Rxd6 25. cxd6 Rd8 26. Bxa7 b5 27. Bb3
Ne2+ 28. Kf1 Nd4 29. Rd1 Nxb3 30. axb3 Kf6 31. Bc5 Bf8 32. Ra1 Bxd6 33. Ra6
Bxc5 34. bxc5 Rd3 35. Rxc6+ Ke7 36. Rc7+ 1/2-1/2

[Event "Milan Vidmar mem 14th"]
[Site "Portoroz "]
[Date "2001.07.11"]
[Round "9"]
[White "Macieja, Bartlomiej"]
[Black "Volokitin, Andrei"]
[Result "1/2-1/2"]
[WhiteElo "2588"]
[BlackElo "2551"]
[PlyCount "83"]
[EventDate "2001.07.03"]

1. Nf3 Nf6 2. c4 g6 3. b4 Bg7 4. Bb2 O-O 5. e3 a5 6. b5 c5 7. Be2 d5 8. d4 dxc4
9. O-O Ne4 10. Bxc4 Bg4 11. Be2 cxd4 12. Nxd4 Bxe2 13. Qxe2 a4 14. Nc3 Nxc3 15.
Bxc3 Nd7 16. Rfd1 Qb6 17. Bb4 Rfc8 18. h4 Nf6 19. Rab1 Ne4 20. Qd3 Nc5 21. Qa3
e5 22. Nf3 e4 23. Ng5 h6 24. Bxc5 Rxc5 25. Nxe4 Rxb5 26. Rxb5 Qxb5 27. Qe7 Qb2
28. h5 Qxa2 29. hxg6 fxg6 30. Qxb7 Rf8 31. Rd7 Qa1+ 32. Kh2 Qb2 33. Qd5+ Kh8
34. f4 Qb3 35. Qxb3 axb3 36. Rb7 b2 37. Nd6 Ra8 38. Nf7+ Kg8 39. Ne5 Ra3 40.
Rxb2 Bxe5 41. fxe5 Rxe3 42. Rb6 1/2-1/2